FIFA World Cup 2026 - Statystyki

Ogólne statystyki
  • Ten quiz został rozwiązany 54 razy
  • Średni wynik to 34 z 48
Statystyki odpowiedzi
Grupa Reprezentacja % Poprawnych
F Szwecja
94%
C Brazylia
91%
I Francja
91%
H Hiszpania
91%
D Stany Zjednoczone
91%
L Anglia
89%
A Meksyk
89%
A Korea Południowa
86%
J Argentyna
83%
B Kanada
83%
K Portugalia
83%
F Holandia
80%
F Japonia
80%
C Maroko
80%
E Niemcy
80%
G Belgia
77%
L Chorwacja
77%
E Curacao
77%
G Iran
77%
I Norwegia
77%
D Australia
74%
B Bośnia i Hercegowina
74%
A Czechy
74%
I Senegal
74%
K Kolumbia
71%
C Szkocja
71%
B Szwajcaria
71%
D Turcja
71%
J Austria
69%
G Egipt
69%
H Urugwaj
69%
E Ekwador
66%
G Nowa Zelandia
66%
A Republika Południowej Afryki
66%
H Arabia Saudyjska
63%
I Irak
63%
F Tunezja
63%
J Algieria
60%
D Paragwaj
60%
C Haiti
57%
K Demokratyczna Republika Konga
54%
B Katar
54%
H Republika Zielonego Przylądka
54%
L Ghana
49%
K Uzbekistan
49%
J Jordania
46%
L Panama
46%
E Wybrzeże Kości Słoniowej
46%
Nie znaleziono quizów pasujących do podanych kryteriów
Rozkład punktacji
Procent ludzi z każdym wynikiem
Percentyl według liczby udzielonych odpowiedzi
Twoja historia wyników
Nie rozwiązałeś tego quizu